000 00930nac a22003130a 4500
001 PT58810
003 AR-LpoUNG
005 20260115124327.0
008 201001s2017||||ag |||||||||||||||||spa d
040 _aAR-LpoUNG
_bspa
_eaacr
041 _aspa
044 _aag
082 0 _a410 154v2
100 1 _aValente, Elena
_ecoor.
245 1 0 _aMateriales para el taller de lectoescritura del Curso de Aprestamiento Universitario
250 _a1ra. ed.
260 _aLos Polvorines :
_bUniversidad Nacional de General Sarmiento,
_c2017.
300 _a71 p. :
_btbls.
490 0 _aMateriales para el taller de lectoescritura del Curso de Aprestamiento Universitario
650 4 _aESCRITURA
650 4 _aGENEROS LITERARIOS
650 4 _aLECTURA
650 4 _aLIBROS DE TEXTO
650 4 _aLITERATURA
653 0 _aDISCURSO ACADEMICO
700 1 _aGarcía, Mónica
_ecoor.
905 _a58810
942 _cLIB
_2ddc
999 _c50321
_d50321